| 000 | 00513nam a2200181 i 4500 | ||
|---|---|---|---|
| 001 | 87997 | ||
| 003 | ES-MaACL | ||
| 005 | 20230906175800.0 | ||
| 007 | t| | ||
| 008 | 041230s1914 ag ||||1| spa d | ||
| 100 | 1 |
_aLafferrière, E. _969479 |
|
| 245 | 1 | 0 |
_aLecciones de aritmética / _cpor E. Lafferriere y D. Méndez. |
| 250 | _aNueva ed. correg. | ||
| 260 |
_aBuenos Aires : _bCabaut y Cía., _c1914. |
||
| 300 |
_aX, 468 p. : _bil. ; _c19 cm. |
||
| 700 | 1 |
_aMéndez, D. _980113 |
|
| 852 |
_aES-MaACL _jD-1378 |
||
| 999 |
_c87997 _d87997 |
||